Obálka Náhled e-knihy:
PDF
Pro půjčování e-knih musíte být přihlášeni.
Jak si půjčit online?

Dvojčatá v akcii 1 - (Nie práve) najlepšie kamošky /

Na základnej škole Skalná sa koná POHODOVÝ DEŇ a Izi s Grétkou sa zapojili do súťaže o najlepšiu prezentáciu. Problém je v tom, že si obe vybrali tú istú tému! Zo sestier sa tak stávajú protivníčky. Ktorá z nich vyhrá? A stanú sa opäť nerozlučnou dvojkou?

Uloženo v:
Série:Dvojčatá v akcii, část 1
Hlavní autor: Moses, Alexa (Autor)
Médium: E-kniha
Jazyk:Czech
Vydáno: Praha : Albatros Media Slovakia s.r.o., 2025
Příbuzné jednotky:Z cyklu:: Dvojčatá v akcii
Tagy:
Žádné tagy
LEADER 01364nam a22002417i 4500
001 303373
007 ta
008 260519s2025 xr ||||| |||| 00| 0 cze d
020 |a 9788056644546 
044 |a xr 
100 1 |a  Moses, Alexa  |4 aut 
245 1 0 |a Dvojčatá v akcii 1 - (Nie práve) najlepšie kamošky /  |c  Moses, Alexa 
240 1 0 |a Twinning (The Top Secret Diaries of Twin Sisters) - BFFs (NOT) 
264 1 |a Praha :  |b Albatros Media Slovakia s.r.o.,  |c 2025 
300 |a 1 online zdroj (192 stran) 
336 |a text  |b txt  |2 rdacontent 
337 |a bez média  |b n  |2 rdamedia 
338 |a online zdroj  |b cr  |2 rdacarrier 
520 2 |a Na základnej škole Skalná sa koná POHODOVÝ DEŇ a Izi s Grétkou sa zapojili do súťaže o najlepšiu prezentáciu. Problém je v tom, že si obe vybrali tú istú tému! Zo sestier sa tak stávajú protivníčky. Ktorá z nich vyhrá? A stanú sa opäť nerozlučnou dvojkou? 
787 0 8 |g 1  |i Z cyklu:  |t Dvojčatá v akcii 
910 |a RBIT002 
998 |d 426896  |a https://core.palmknihy.cz/api/books/426896/cover?tesghe  |b https://core.palmknihy.cz/api/books/426896/cover/400?tesghe  |c https://core.palmknihy.cz/api/books/426896/cover/50?tesghe  |e 2029-10-11  |g 192  |i 9788056644546  |k https://core.palmknihy.cz/api/books/426896/preview.pdf  |l   |q 49  |r 1  |s https://www.palmknihy.cz/kniha/426896  |t ebook  |y 2025  |z 1  |v Dvojčatá v akcii  |w 1 
999 |d 303371